Lily Luna's journey to SPACE / (Record no. 183472)

MARC details
000 -LEADER
fixed length control field 00706nam a22002177i 4500
005 - DATE AND TIME OF LATEST TRANSACTION
control field 20210418105737.0
008 - FIXED-LENGTH DATA ELEMENTS--GENERAL INFORMATION
fixed length control field 210418t2018 at a|||j ||| 000 1 eng d
020 ## - INTERNATIONAL STANDARD BOOK NUMBER
International Standard Book Number 9780648352921
Qualifying information paperback
040 ## - CATALOGING SOURCE
Original cataloging agency PPAK
Language of cataloging eng
Transcribing agency PPAK
Description conventions rda
082 04 - DEWEY DECIMAL CLASSIFICATION NUMBER
Edition number 23
Classification number 500.5
090 00 - LOCALLY ASSIGNED LC-TYPE CALL NUMBER (OCLC); LOCAL CALL NUMBER (RLIN)
Classification number (OCLC) (R) ; Classification number, CALL (RLIN) (NR) 500.5
Feature heading BEA
Feature heading K
100 1# - MAIN ENTRY--PERSONAL NAME
Personal name Beattie, Maren,
Relator term author.
245 10 - TITLE STATEMENT
Title Lily Luna's journey to SPACE /
Statement of responsibility, etc. MAREN BEATTIE
264 #1 - PRODUCTION, PUBLICATION, DISTRIBUTION, MANUFACTURE, AND COPYRIGHT NOTICE
Place of production, publication, distribution, manufacture Australia :
Name of producer, publisher, distributor, manufacturer Inspiring Publishers ,
Date of production, publication, distribution, manufacture, or copyright notice ©2018
300 ## - PHYSICAL DESCRIPTION
Extent 1 volume (unpaged) :
Other physical details colour illustrations ;
Dimensions 22 x 22 cm.
336 ## - CONTENT TYPE
Source rdacontent
Content type term text
-- still images.
337 ## - MEDIA TYPE
Source rdamedia
Media type term unmediated
338 ## - CARRIER TYPE
Source rdacarrier
Carrier type term volume
650 10 - SUBJECT ADDED ENTRY--TOPICAL TERM
Topical term or geographic name entry element Space sciences
Form subdivision Juvenile literature.
942 ## - ADDED ENTRY ELEMENTS (KOHA)
Source of classification or shelving scheme Dewey Decimal Classification
Koha item type Book
Holdings
Withdrawn Not for loan Current library Shelving location Date acquired Full call number Barcode Date last seen Koha item type
    Perpustakaan Alor Setar Pinjaman Kanak-kanak 03/06/2021 K 500.5 BEA A00742081 03/06/2021 Book